اسرار ھو / (Record no. 193019)

MARC details
000 -LEADER
fixed length control field 00615nam a22001937a 4500
005 - DATE AND TIME OF LATEST TRANSACTION
control field 20221013113658.0
010 ## - LCCN (DPL NO)
LC control number UR-11751
020 ## - INTERNATIONAL STANDARD BOOK NUMBER
International Standard Book Number 9789392496929
Terms of availability 300.00
035 ## - SYSTEM CONTROL NUMBER
System control number U-10306
037 ## - SOURCE OF ACQUISITION
Source of stock number/acquisition DBAD/PUB
Stock number -
082 ## - DEWEY DECIMAL CLASSIFICATION NUMBER
Classification number 841
100 ## - MAIN ENTRY--PERSONAL NAME
Personal name رضی احمد چشتی
245 ## - TITLE STATEMENT
Title اسرار ھو /
Statement of responsibility, etc رضی احمد چشتی
Medium ا ر د و
246 ## - VARYING FORM OF TITLE
Title proper/short title Asrar-E-Hoo /
Remainder of title by Razi Ahmad Chishti
260 ## - PUBLICATION, DISTRIBUTION, ETC. (IMPRINT)
Place of publication, distribution, etc New Delhi
Name of publisher, distributor, etc Educational Publishing House
Date of publication, distribution, etc 2021 ء
270 ## - ADDRESS
Address H.O. D/16, Ansari Road, Daryaganj
City New Delhi
Postal code 110006
300 ## - PHYSICAL DESCRIPTION
Extent 244 ص
Dimensions 22cm(Hb)
942 ## - ADDED ENTRY ELEMENTS (KOHA)
Source of classification or shelving scheme Dewey Decimal Classification
Item type Urdu Bks
Classification part 841
Call number suffix ر ض ی
Holdings
Withdrawn status Lost status Not for loan Collection code Home library Current library Date acquired Source of acquisition Cost, normal purchase price Full call number Barcode Copy number Cost, replacement price Koha item type
      Non-fiction Central Library Central Library 13/10/2022 DBAD/PUB 300.00 841 ر ض ی U-10306 1 300.00 Urdu Bks

© Delhi Public Library
Hit Counter
free hit counter